Oeuvres complètes

Shranjeno v:
Bibliografske podrobnosti
Main Authors: Marcial, Marco Valerio (autor), Estacio, Publio Papinio (Author), Lucilio, Cayo (Author), Manilio (Author), Rutilio Namaciano, Claudio (Author), Gracio Falisco (Author), Nemesiano, Marco Aurelio Olimpio (Author), Calpurnio, Sículo (Author)
Format: Knjiga
Jezik:latinščina
francoščina
Izdano: París Chez Firmin Didot Frères, Fils et Cie 1878
Izdaja:1a. ed
Serija:Collection des Auteurs Latins, 21
Teme:
Oznake: Označite
Brez oznak, prvi označite!

MARC

LEADER 00000nam a2200000 a 4500
001 UCJ8516
003 CL-VaPUC
008 070124e18780000FR |||||||||||||||||lat|d
041 0 7 |a lat  |2 CL-VaPUC 
041 0 7 |a fre  |2 CL-VaPUC 
082 0 4 |a 870  |b MAR  |2 21 
100 |a Marcial, Marco Valerio  |e autor  |9 591565 
700 0 |a Estacio, Publio Papinio  |e author  |9 517292 
700 0 |a Lucilio, Cayo  |e author  |9 517293 
700 0 |a Manilio  |e author  |9 517294 
700 0 |a Rutilio Namaciano, Claudio  |e author  |9 517295 
700 0 |a Gracio Falisco  |e author  |9 517296 
700 0 |a Nemesiano, Marco Aurelio Olimpio  |e author  |9 517297 
700 0 |a Calpurnio, Sículo  |e author  |9 517298 
245 1 0 |a Oeuvres complètes 
250 |a 1a. ed 
300 |a 836 p 
942 |c BK 
945 |d 20070124 00:00:00  |a rinostro 
260 |a París  |b Chez Firmin Didot Frères, Fils et Cie  |c 1878 
500 |a Ex libris de Blanca Vergara Errázuriz, descendiente directa de los fundadores de la ciudad de Viña del Mar 
600 0 7 |a VERGARA ERRAZURIZ, BLANCA  |2 CL-VaPUC  |9 517299 
650 7 |a CLASICOS LATINOS  |2 CL-VaPUC  |9 505304 
650 0 |a Literatura latina   |9 258055 
650 7 |a POESIA LATINA EX LIBRIS  |2 CL-VaPUC  |9 517300 
583 |a last modification  |c 20190801 09:40:24  |k Rodrigo Vera 
490 0 |a Collection des Auteurs Latins, 21 
999 |c 324201  |d 324199 
952 |0 0  |1 0  |4 0  |6 870_000000000000000_MAR_1878  |7 0  |8 X  |9 404169  |a FDOBUD  |b FDOBUD  |d 2019-11-22  |i 1079107  |o 870 MAR 1878  |p 1079107  |r 2019-11-22  |w 2019-11-22  |y BK_X  |k BUD